The journal of supply chain management. (Record no. 523446)
[ view plain ]
| 000 -LEADER | |
|---|---|
| fixed length control field | 00742cas a2200229 a 4500 |
| 022 0# - INTERNATIONAL STANDARD SERIAL NUMBER | |
| International Standard Serial Number | 1523-2409 |
| 082 00 - DEWEY DECIMAL CLASSIFICATION NUMBER | |
| Classification number | 658.7/2/05 |
| 245 04 - TITLE STATEMENT | |
| Title | The journal of supply chain management. |
| 260 ## - PUBLICATION, DISTRIBUTION, ETC. (IMPRINT) | |
| Place of publication, distribution, etc | Tempe, Ariz. : |
| Name of publisher, distributor, etc | National Association of Purchasing Management, |
| Date of publication, distribution, etc | ©1999- |
| 300 ## - PHYSICAL DESCRIPTION | |
| Extent | volumes ; |
| Dimensions | 28 cm |
| 500 ## - GENERAL NOTE | |
| General note | Title from cover. |
| 590 ## - LOCAL NOTE (RLIN) | |
| Ledger | SERBIB/SERLOC merged record |
| 650 #0 - SUBJECT ADDED ENTRY--TOPICAL TERM | |
| Topical term or geographic name as entry element | Purchasing |
| 650 #0 - SUBJECT ADDED ENTRY--TOPICAL TERM | |
| Topical term or geographic name as entry element | Materials management |
| 650 #0 - SUBJECT ADDED ENTRY--TOPICAL TERM | |
| Topical term or geographic name as entry element | Industrial procurement |
| 650 #7 - SUBJECT ADDED ENTRY--TOPICAL TERM | |
| Topical term or geographic name as entry element | Industrial procurement. |
| 650 #7 - SUBJECT ADDED ENTRY--TOPICAL TERM | |
| Topical term or geographic name as entry element | Materials management. |
| 650 #7 - SUBJECT ADDED ENTRY--TOPICAL TERM | |
| Topical term or geographic name as entry element | Purchasing. |
| 710 2# - ADDED ENTRY--CORPORATE NAME | |
| Corporate name or jurisdiction name as entry element | National Association of Purchasing Management. |
| 942 ## - ADDED ENTRY ELEMENTS (KOHA) | |
| Koha item type | Book |
| Damaged status | Not for loan | Permanent Location | Current Location | Shelving location | Date acquired | Full call number | Barcode | Koha item type |
|---|---|---|---|---|---|---|---|---|
| Central Library (CL) | Central Library (CL) | Reference | 03/11/2019 | Vol-53, No-1 2017 | NBSJ-62 | Continuing Resources | ||
| Central Library (CL) | Central Library (CL) | Reference | 03/11/2019 | Vol-53, No-2 2017 | NBSJ-63 | Continuing Resources | ||
| Central Library (CL) | Central Library (CL) | Reference | 03/11/2019 | Vol-53, No-3 2017 | NBSJ-64 | Continuing Resources | ||
| Central Library (CL) | Central Library (CL) | Reference | 03/11/2019 | Vol-53, No-4 2017 | NBSJ-65 | Continuing Resources | ||
| Central Library (CL) | Central Library (CL) | Reference | 03/11/2019 | Vol-54, No-1 2018 | NBSJ-66 | Continuing Resources | ||
| Central Library (CL) | Central Library (CL) | Reference | 03/11/2019 | Vol-54, No-2 2018 | NBSJ-67 | Continuing Resources | ||
| Central Library (CL) | Central Library (CL) | Reference | 03/11/2019 | Vol-54, No-3 2018 | NBSJ-68 | Continuing Resources |
